000 00655nam a22002537a 4500
003 UA-OsUOA
001 40563
007 ta
008 20060810b un ||||| |||| 00| 0 ukr d
100 _aВанеев А.Н.
090 _a021
_bВ12
942 _cBK
040 _aUA-OsUOA
_brus
_cUA-OsUOA
_dUA-OsUOA
245 _aБиблиотечное дело
300 _a368 с.
955 _a1
041 _arus
080 _a021
020 _a5-93913-078-Х
260 _aСПб
_bПрофессия
_c2006
246 3 1 _aТеория.Методика.Практика
_n
650 7 _a02 Бібліотечна справа
_2UDC
999 _c326705
_d326705